Tư liệu lịch sử quân tình nguyện Việt Nam ở Campuchia thời kỳ 1945 - 1954

Diễn biến cuộc chiến đấu anh hùng của nhân dân Campuchia phối hợp với quân tình nguyện Việt Nam.

שמור ב:
מידע ביבליוגרפי
פורמט: ספר
שפה:Undetermined
יצא לאור: Cà Mau Nxb. Mũi Cà Mau 1998
נושאים:
תגים: הוספת תג
אין תגיות, היה/י הראשונ/ה לתייג את הרשומה!
Thư viện lưu trữ: Trung tâm Học liệu Trường Đại học Cần Thơ
LEADER 00748nam a2200181Ia 4500
001 CTU_224024
008 210402s9999 xx 000 0 und d
082 |a 959.7041 
082 |b T550 
245 0 |a Tư liệu lịch sử quân tình nguyện Việt Nam ở Campuchia thời kỳ 1945 - 1954 
260 |a Cà Mau 
260 |b Nxb. Mũi Cà Mau 
260 |c 1998 
520 |a Diễn biến cuộc chiến đấu anh hùng của nhân dân Campuchia phối hợp với quân tình nguyện Việt Nam. 
650 |a Việt Nam,Vietnam 
650 |x Quan hệ đối ngoại,Lịch sử,History,Foreign relations 
910 |b dqhieu 
980 |a Trung tâm Học liệu Trường Đại học Cần Thơ